مكتبة جامعة عجلون الوطنية

فهرس بحث المكتبة

المناهج المعاصرة للتربية البدنية وعلوم الرياضة / (Record no. 34057)

MARC details
000 -LEADER
fixed length control field 01046nam a22002297a 4500
003 - CONTROL NUMBER IDENTIFIER
control field JO-AjAnu
005 - DATE AND TIME OF LATEST TRANSACTION
control field 20251012123614.0
008 - FIXED-LENGTH DATA ELEMENTS--GENERAL INFORMATION
fixed length control field 251012b jo ||||| |||| 00| 0 ara d
020 ## - INTERNATIONAL STANDARD BOOK NUMBER
International Standard Book Number 9789922702391
040 ## - CATALOGING SOURCE
Original cataloging agency JO-AjAnu
Language of cataloging ara
Transcribing agency JO-AjAnu
Modifying agency JO-AjAnu
Description conventions rda
041 ## - LANGUAGE CODE
Language code of text/sound track or separate title ara
Language code of original ara
050 ## - LIBRARY OF CONGRESS CALL NUMBER
Classification number GV362
Item number 2023
100 #1 - MAIN ENTRY--PERSONAL NAME
Personal name الربيعي، محمود داود سلمان
Relator term مؤلف
9 (RLIN) 66778
245 #0 - TITLE STATEMENT
Title المناهج المعاصرة للتربية البدنية وعلوم الرياضة /
Statement of responsibility, etc. تأليف محمود داود سلمان الربيعي، زيد صمصام تركي الشمري
250 ## - EDITION STATEMENT
Edition statement الطبعة الاولى
260 ## - PUBLICATION, DISTRIBUTION, ETC.
Place of publication, distribution, etc. بغداد :
Name of publisher, distributor, etc. مؤسسة دار الصادق الثقافية،
Date of publication, distribution, etc. 2023
300 ## - PHYSICAL DESCRIPTION
Extent 268 صفحة
504 ## - BIBLIOGRAPHY, ETC. NOTE
Bibliography, etc. note يحتوي على قائمة مصادر ومراجع باللغتين العربية والانجليزية
650 70 - SUBJECT ADDED ENTRY--TOPICAL TERM
Topical term or geographic name entry element التربية البدنية- مناهج
9 (RLIN) 66780
700 #1 - ADDED ENTRY--PERSONAL NAME
Personal name الشمري، زيد صمصام تركي
Relator term مؤلف مشارك
9 (RLIN) 66781
942 ## - ADDED ENTRY ELEMENTS (KOHA)
Source of classification or shelving scheme Library of Congress Classification
Koha item type Books
Suppress in OPAC No
Holdings
Withdrawn status Lost status Source of classification or shelving scheme Damaged status Not for loan Home library Current library Date acquired Total Checkouts Full call number Barcode Date last seen Price effective from Koha item type
    Library of Congress Classification     مكتبة جامعة عجلون الوطنية مكتبة جامعة عجلون الوطنية 12/10/2025   GV362 2023 a30434 12/10/2025 12/10/2025 Books